[Event "Oakham Young Masters"]
[Site "Oakham"]
[Date "1990.03.28"]
[Round "1"]
[White "Apicella, Manuel"]
[Black "Buckley, Graeme N"]
[Result "0-1"]
[WhiteElo "2390"]
[BlackElo "2240"]
[PlyCount "62"]
[EventDate "1990.03.28"]
[EventType "swiss"]
[EventRounds "9"]
[EventCountry "ENG"]
[SourceTitle "BritBase"]
[Source "John Saunders"]
[SourceDate "2023.06.27"]
[SourceVersion "1"]
[SourceVersionDate "2023.06.27"]
[SourceQuality "1"]

1. e4 e5 2. Nf3 Nf6 3. Nxe5 d6 4. Nf3 Nxe4 5. d4 d5 6. Bd3 Bd6 7. O-O O-O 8. c4
c6 9. Qc2 Bf5 10. Nc3 Re8 11. Be3 Na6 12. a3 Nc7 13. Rfe1 Bg6 14. c5 Bf8 15.
Ne2 Ne6 16. b4 Qf6 17. Ne5 Bh5 18. f3 N4g5 19. Ng3 Bg6 20. h4 Bxd3 21. Qxd3 Nf4
22. Qd2 Nge6 23. Ng4 Qxh4 24. Bxf4 Nxf4 25. Rxe8 Nh3+ 26. Kf1 Rxe8 27. Nf5 Qg5
28. Qc2 Nf4 29. g3 Ne6 30. Qd3 g6 31. Nfe3 h5 0-1

[Event "Oakham Young Masters"]
[Site "Oakham"]
[Date "1990.03.28"]
[Round "1"]
[White "Blatny, Pavel"]
[Black "Ruxton, Keith"]
[Result "1-0"]
[WhiteElo "2510"]
[BlackElo "2325"]
[PlyCount "73"]
[EventDate "1990.03.28"]
[EventType "swiss"]
[EventRounds "9"]
[EventCountry "ENG"]
[SourceTitle "BritBase"]
[Source "John Saunders"]
[SourceDate "2023.06.27"]
[SourceVersion "1"]
[SourceVersionDate "2023.06.27"]
[SourceQuality "1"]

1. e4 e6 2. d4 d5 3. e5 c5 4. c3 Nc6 5. Nf3 Bd7 6. Be2 Nge7 7. O-O Nf5 8. Bd3
Nh4 9. Nxh4 Qxh4 10. Be3 cxd4 11. cxd4 Qd8 12. Nc3 Be7 13. f4 g6 14. g4 Qb6 15.
a3 O-O-O 16. b4 Rdf8 17. Qd2 Kb8 18. Rab1 Qd8 19. b5 Na5 20. Na4 b6 21. Rfc1
Bc8 22. Qc3 Bb7 23. Nc5 Qc8 24. Qd2 Qd8 25. Na6+ Bxa6 26. bxa6 Nc4 27. Qe2 Nxe3
28. Qxe3 f5 29. Bb5 g5 30. Rc6 gxf4 31. Qc3 Bh4 32. a4 Qg5 33. Rxb6+ axb6 34.
a7+ Ka8 35. Qc6+ Kxa7 36. Qc7+ Ka8 37. Bc6# 1-0

[Event "Oakham Young Masters"]
[Site "Oakham"]
[Date "1990.03.28"]
[Round "1"]
[White "Carton, Niall"]
[Black "Siekanski, Janusz"]
[Result "0-1"]
[WhiteElo "2205"]
[BlackElo "2370"]
[PlyCount "48"]
[EventDate "1990.03.28"]
[EventType "swiss"]
[EventRounds "9"]
[EventCountry "ENG"]
[SourceTitle "BritBase"]
[Source "John Saunders"]
[SourceDate "2023.06.27"]
[SourceVersion "1"]
[SourceVersionDate "2023.06.27"]
[SourceQuality "1"]

1. e4 c5 2. Nc3 e6 3. Nf3 d6 4. d4 cxd4 5. Nxd4 Nf6 6. Be2 Be7 7. O-O a6 8. a4
Nc6 9. Be3 O-O 10. f4 Qc7 11. Qe1 Nxd4 12. Bxd4 e5 13. Be3 exf4 14. Rxf4 Be6
15. a5 Nd7 16. Rf2 Bh4 17. g3 Bf6 18. Rd1 Be5 19. Nd5 Bxd5 20. Rxd5 Nf6 21. Bb6
Qc6 22. Rd1 Bxb2 23. e5 dxe5 24. c4 Ba3 0-1

[Event "Oakham Young Masters"]
[Site "Oakham"]
[Date "1990.03.28"]
[Round "1"]
[White "Cooper, Lawrence"]
[Black "Ulibin, Mikhail"]
[Result "1/2-1/2"]
[WhiteElo "2310"]
[BlackElo "2500"]
[PlyCount "34"]
[EventDate "1990.03.28"]
[EventType "swiss"]
[EventRounds "9"]
[EventCountry "ENG"]
[SourceTitle "BritBase"]
[Source "John Saunders"]
[SourceDate "2023.06.27"]
[SourceVersion "1"]
[SourceVersionDate "2023.06.27"]
[SourceQuality "1"]

1. e4 e6 2. d4 d5 3. Nd2 Nf6 4. e5 Nfd7 5. c4 c5 6. cxd5 exd5 7. Ngf3 Nc6 8.
Bd3 cxd4 9. O-O Be7 10. Re1 Nc5 11. Nb3 Nxb3 12. Qxb3 O-O 13. h3 a5 14. a3 a4
15. Qd1 Qb6 16. Bc2 Qa7 17. Ng5 g6 1/2-1/2

[Event "Oakham Young Masters"]
[Site "Oakham"]
[Date "1990.03.28"]
[Round "1"]
[White "Fishbein, Alexander"]
[Black "Quillan, Gary"]
[Result "0-1"]
[WhiteElo "2470"]
[BlackElo "2290"]
[PlyCount "126"]
[EventDate "1990.03.28"]
[EventType "swiss"]
[EventRounds "9"]
[EventCountry "ENG"]
[SourceTitle "BritBase"]
[Source "John Saunders"]
[SourceDate "2023.06.27"]
[SourceVersion "1"]
[SourceVersionDate "2023.06.27"]
[SourceQuality "1"]

1. e4 d6 2. d4 Nd7 3. Nf3 e5 4. Bc4 exd4 5. Nxd4 Ngf6 6. O-O Nb6 7. Bd3 c5 8.
Nb5 Be6 9. b3 a6 10. N5a3 d5 11. e5 Nfd7 12. f4 f5 13. c4 Be7 14. g4 fxg4 15.
f5 Nxe5 16. fxe6 Bf6 17. Be2 Nf3+ 18. Bxf3 gxf3 19. Rxf3 Bxa1 20. Rf7 dxc4 21.
Qf3 Qd4+ 22. Kg2 Qd5 23. Qxd5 Nxd5 24. Nxc4 O-O-O 25. e7 Rde8 26. Nd6+ Kd7 27.
Nxe8 Rxe8 28. Rf5 Kc6 29. Bg5 Bf6 30. Kf3 Rxe7 31. Bxf6 Nxf6 32. Nc3 Rd7 33.
Ke2 Rd4 34. Rf3 b5 35. Re3 b4 36. Nd1 Re4 37. Kd3 Rxe3+ 38. Nxe3 Nd5 39. Nf5 g6
40. Ng3 Nc3 41. a3 Nd5 42. axb4 cxb4 43. Ne4 h6 44. Nd2 Nb6 45. Nf3 Kd5 46. Nh4
g5 47. Nf5 h5 48. Ng3 Nd7 49. Nxh5 Ne5+ 50. Kd2 Nf3+ 51. Ke3 Nxh2 52. Nf6+ Kc6
53. Ne4 g4 54. Kf4 a5 55. Kg3 Nf3 56. Kxg4 Nd4 57. Nd2 Nxb3 58. Nxb3 a4 59. Nd2
Kd5 60. Kf3 a3 61. Ke2 a2 62. Nb3 Kc4 63. Na1 b3 0-1

[Event "Oakham Young Masters"]
[Site "Oakham"]
[Date "1990.03.28"]
[Round "1"]
[White "Hill, Shane Malcolm"]
[Black "Ward, Christopher G"]
[Result "0-1"]
[WhiteElo "2245"]
[BlackElo "2390"]
[PlyCount "64"]
[EventDate "1990.03.28"]
[EventType "swiss"]
[EventRounds "9"]
[EventCountry "ENG"]
[SourceTitle "BritBase"]
[Source "John Saunders"]
[SourceDate "2023.06.27"]
[SourceVersion "1"]
[SourceVersionDate "2023.06.27"]
[SourceQuality "1"]

1. e4 c5 2. Nc3 Nc6 3. f4 e6 4. Nf3 a6 5. g3 d5 6. Bg2 d4 7. Ne2 d3 8. cxd3
Qxd3 9. O-O b5 10. a4 b4 11. Ne1 Qd7 12. b3 Bb7 13. Bb2 Rd8 14. Nf3 Nf6 15.
Bxf6 gxf6 16. f5 e5 17. Rc1 a5 18. Kh1 h5 19. Neg1 Nd4 20. Nxd4 Qxd4 21. Qe2
Qd3 22. Rfd1 h4 23. g4 Qxe2 24. Nxe2 h3 25. Bf3 Rd3 26. Rf1 Rxb3 27. Ng3 Ba6
28. Rf2 Ra3 29. g5 fxg5 30. f6 Rh4 31. d4 exd4 32. e5 Rxf3 0-1

[Event "Oakham Young Masters"]
[Site "Oakham"]
[Date "1990.03.28"]
[Round "1"]
[White "Hracek, Zbynek"]
[Black "Harris, Michael"]
[Result "1/2-1/2"]
[WhiteElo "2390"]
[BlackElo "2255"]
[PlyCount "92"]
[EventDate "1990.03.28"]
[EventType "swiss"]
[EventRounds "9"]
[EventCountry "ENG"]
[SourceTitle "BritBase"]
[Source "John Saunders"]
[SourceDate "2023.06.27"]
[SourceVersion "1"]
[SourceVersionDate "2023.06.27"]
[SourceQuality "1"]

1. Nf3 Nf6 2. d4 g6 3. g3 Bg7 4. Bg2 O-O 5. O-O d6 6. b3 Nbd7 7. Bb2 e5 8. dxe5
Ng4 9. c4 Ngxe5 10. Nc3 Nxf3+ 11. Bxf3 h5 12. h3 h4 13. g4 f5 14. gxf5 Rxf5 15.
Bg4 Rf8 16. Qd2 Nf6 17. f3 Kh7 18. Nd5 Nxd5 19. Bxg7 Kxg7 20. cxd5 Bxg4 21.
hxg4 Qe7 22. Rac1 Rf7 23. Rc4 Re8 24. Re4 Qd8 25. Qd4+ Kh7 26. Rxe8 Qxe8 27.
Kf2 Qe7 28. Rh1 g5 29. Rc1 Kg6 30. Rc4 Qf6 31. Qxa7 Qe5 32. Qd4 Qg3+ 33. Kf1 h3
34. Qf2 Qe5 35. Kg1 Qa1+ 36. Kh2 Qe5+ 37. Kh1 Qxd5 38. Qd4 Qa5 39. Qd3+ Kh6 40.
Rc1 Qxa2 41. Kh2 Re7 42. Rc2 Qa1 43. Qf5 Qe5+ 44. Kxh3 Qxf5 45. gxf5 Kg7 46. e4
Kf6 1/2-1/2

[Event "Oakham Young Masters"]
[Site "Oakham"]
[Date "1990.03.28"]
[Round "1"]
[White "Juergens Peicheva, Vera"]
[Black "Galliamova, Alisa"]
[Result "1/2-1/2"]
[WhiteElo "2185"]
[BlackElo "2365"]
[PlyCount "123"]
[EventDate "1990.03.28"]
[EventType "swiss"]
[EventRounds "9"]
[EventCountry "ENG"]
[SourceTitle "BritBase"]
[Source "John Saunders"]
[SourceDate "2023.06.27"]
[SourceVersion "1"]
[SourceVersionDate "2023.06.27"]
[SourceQuality "1"]

1. d4 Nf6 2. c4 e6 3. Nc3 Bb4 4. Qc2 O-O 5. a3 Bxc3+ 6. Qxc3 b6 7. Bg5 c5 8.
dxc5 bxc5 9. e3 Nc6 10. Bd3 Qa5 11. Qxa5 Nxa5 12. b4 cxb4 13. axb4 Nc6 14. b5
Nb4 15. Kd2 Nxd3 16. Kxd3 Ng4 17. Ke2 Ne5 18. Ra4 d5 19. c5 f6 20. Bf4 Rb8 21.
Ra5 Rxb5 22. Rxb5 Ba6 23. Bxe5 Bxb5+ 24. Kd2 fxe5 25. Nf3 Rc8 26. Rc1 e4 27.
Ne5 Kf8 28. f4 exf3 29. gxf3 Ke7 30. f4 a5 31. h4 g6 32. Rc3 a4 33. Kc2 Kf6 34.
Kb2 Be8 35. Ka3 Rb8 36. c6 Ke7 37. Kxa4 Kd6 38. Ka5 Kc7 39. Rc5 Rb3 40. Rb5
Ra3+ 41. Kb4 Bxc6 42. Kxa3 Bxb5 43. Kb4 Bf1 44. Kc5 Be2 45. Nf7 Kd7 46. Ng5 h6
47. Nf7 Ke7 48. Ne5 Bh5 49. Nc6+ Kf6 50. Kd6 Bg4 51. Ne5 Bh3 52. Nd7+ Kf5 53.
Nc5 Kf6 54. Nd7+ Kf5 55. Nc5 d4 56. exd4 Kxf4 57. Nxe6+ Kg3 58. Nf8 Bf5 59. Ke5
Kxh4 60. Kf6 Be4 61. Nxg6+ Kg3 62. Ne7 1/2-1/2

[Event "Oakham Young Masters"]
[Site "Oakham"]
[Date "1990.03.28"]
[Round "1"]
[White "Kogan, Artur"]
[Black "Norwood, David Robert"]
[Result "0-1"]
[WhiteElo "2335"]
[BlackElo "2530"]
[PlyCount "78"]
[EventDate "1990.03.28"]
[EventType "swiss"]
[EventRounds "9"]
[EventCountry "ENG"]
[SourceTitle "BritBase"]
[Source "John Saunders"]
[SourceDate "2023.06.27"]
[SourceVersion "1"]
[SourceVersionDate "2023.06.27"]
[SourceQuality "1"]

1. e4 g6 2. d4 Bg7 3. g3 d5 4. e5 f6 5. f4 c5 6. c3 Nc6 7. Bg2 Bf5 8. Ne2 e6 9.
O-O h5 10. h3 Qb6 11. Kh1 Nh6 12. b3 cxd4 13. cxd4 Bxb1 14. Rxb1 Nf5 15. Qd3
Ncxd4 16. Nxd4 Qxd4 17. Qxd4 Nxd4 18. exf6 Bxf6 19. Bb2 Kf7 20. Bxd4 Bxd4 21.
Rbd1 Bb6 22. Bf3 Rac8 23. Rd2 Rc3 24. Kg2 Rhc8 25. Re2 Rc2 26. Rfe1 Kf6 27. g4
Be3 28. gxh5 gxh5 29. Bxh5 Bxf4 30. Bg4 R8c6 31. Rxc2 Rxc2+ 32. Re2 Rxe2+ 33.
Bxe2 e5 34. Bg4 e4 35. Kf2 Ke5 36. Bc8 b6 37. Ke2 d4 38. Ba6 d3+ 39. Kd1 Kd4
0-1

[Event "Oakham Young Masters"]
[Site "Oakham"]
[Date "1990.03.28"]
[Round "1"]
[White "Kosic, Dragan"]
[Black "Cullip, Stephen J"]
[Result "1-0"]
[WhiteElo "2415"]
[BlackElo "2285"]
[PlyCount "81"]
[EventDate "1990.03.28"]
[EventType "swiss"]
[EventRounds "9"]
[EventCountry "ENG"]
[SourceTitle "BritBase"]
[Source "John Saunders"]
[SourceDate "2023.06.27"]
[SourceVersion "1"]
[SourceVersionDate "2023.06.27"]
[SourceQuality "1"]

1. e4 c5 2. Nf3 e6 3. Nc3 a6 4. d4 cxd4 5. Nxd4 Qc7 6. g3 Nf6 7. Bg2 Be7 8. O-O
d6 9. a4 Nbd7 10. a5 Ne5 11. Nce2 Nc4 12. Qe1 Bd8 13. Nb3 O-O 14. Qc3 Bd7 15.
Rd1 Rc8 16. Nf4 Qb8 17. Qb4 Qa7 18. Nd2 Ne5 19. Qxd6 Nfg4 20. Rf1 Bb5 21. Nd3
Bc7 22. Qa3 Bxd3 23. cxd3 Rfd8 24. Nc4 Rxd3 25. Qa2 Nxf2 26. Rxf2 Ng4 27. b3
Qd4 28. Qb2 Rd1+ 29. Bf1 Qxe4 30. Rd2 Re1 31. Qc3 Be5 32. Nxe5 Rxf1+ 33. Kxf1
Qh1+ 34. Ke2 Qg2+ 35. Kd1 Qf1+ 36. Kc2 Rxc3+ 37. Kxc3 Qf6 38. Bb2 Qxe5+ 39. Kc2
Qf5+ 40. Kc1 Qf1+ 41. Rd1 1-0

[Event "Oakham Young Masters"]
[Site "Oakham"]
[Date "1990.03.28"]
[Round "1"]
[White "Kumaran, Dharshan"]
[Black "Arakhamia-Grant, Ketevan"]
[Result "0-1"]
[WhiteElo "2230"]
[BlackElo "2385"]
[PlyCount "80"]
[EventDate "1990.03.28"]
[EventType "swiss"]
[EventRounds "9"]
[EventCountry "ENG"]
[SourceTitle "BritBase"]
[Source "John Saunders"]
[SourceDate "2023.06.27"]
[SourceVersion "1"]
[SourceVersionDate "2023.06.27"]
[SourceQuality "1"]

1. d4 Nf6 2. c4 g6 3. Nc3 Bg7 4. e4 d6 5. Nge2 O-O 6. Ng3 c5 7. d5 e6 8. Be2
exd5 9. exd5 Re8 10. Bf4 a6 11. O-O Qc7 12. Qd2 Nbd7 13. Rfe1 Ne5 14. Bf1 Bd7
15. Bg5 Kh8 16. Nge4 Ng8 17. Bf4 h6 18. Ng3 f5 19. Qc2 Qd8 20. Bxe5 Bxe5 21.
Nge2 b5 22. g3 g5 23. Bg2 b4 24. Nd1 Qf6 25. Bh3 a5 26. Qd2 Qg7 27. Rb1 Re7 28.
Kh1 Rae8 29. Ne3 Qg6 30. Nf1 Nf6 31. Bg2 Ng4 32. Ng1 Bd4 33. Nh3 Qf6 34. f3 Ne5
35. Qc2 g4 36. fxg4 fxg4 37. Nf4 Bf5 38. Be4 Nf3 39. Bxf5 Nxe1 40. Ng6+ Kg7 0-1

[Event "Oakham Young Masters"]
[Site "Oakham"]
[Date "1990.03.28"]
[Round "1"]
[White "Luther, Thomas"]
[Black "Maric, Mirjana"]
[Result "1-0"]
[WhiteElo "2405"]
[BlackElo "2275"]
[PlyCount "95"]
[EventDate "1990.03.28"]
[EventType "swiss"]
[EventRounds "9"]
[EventCountry "ENG"]
[SourceTitle "BritBase"]
[Source "John Saunders"]
[SourceDate "2023.06.27"]
[SourceVersion "1"]
[SourceVersionDate "2023.06.27"]
[SourceQuality "1"]

1. e4 e6 2. d4 d5 3. Nc3 Nf6 4. Bg5 Be7 5. e5 Ne4 6. Bxe7 Nxc3 7. Bxd8 Nxd1 8.
Rxd1 Kxd8 9. f4 b6 10. Bd3 Ba6 11. Ne2 Bxd3 12. Rxd3 Nd7 13. f5 exf5 14. O-O
Ke7 15. Rxf5 f6 16. exf6+ Nxf6 17. Re3+ Kd7 18. Nf4 c6 19. Rg3 Rhg8 20. Nh5
Nxh5 21. Rxh5 h6 22. Rf5 Rae8 23. Rf7+ Re7 24. Rxe7+ Kxe7 25. Rg6 Kd7 26. h4 h5
27. g3 Kc7 28. Kg2 b5 29. Rg5 g6 30. g4 Re8 31. Rxg6 hxg4 32. h5 Re2+ 33. Kg3
Rxc2 34. h6 Rc1 35. Rxg4 Rg1+ 36. Kf4 Rh1 37. Kg5 a5 38. Rh4 Rg1+ 39. Kf6 Rf1+
40. Kg6 Rg1+ 41. Kh5 Rg8 42. h7 Rh8 43. Kg6 c5 44. Kg7 Rd8 45. dxc5 Kc6 46.
h8=Q Rxh8 47. Rxh8 Kxc5 48. Kf6 1-0

[Event "Oakham Young Masters"]
[Site "Oakham"]
[Date "1990.03.28"]
[Round "1"]
[White "Mortazavi, Ali"]
[Black "Chabanon, Jean Luc"]
[Result "0-1"]
[WhiteElo "2275"]
[BlackElo "2390"]
[PlyCount "102"]
[EventDate "1990.03.28"]
[EventType "swiss"]
[EventRounds "9"]
[EventCountry "ENG"]
[SourceTitle "BritBase"]
[Source "John Saunders"]
[SourceDate "2023.06.27"]
[SourceVersion "1"]
[SourceVersionDate "2023.06.27"]
[SourceQuality "1"]

1. d4 Nf6 2. Nf3 g6 3. Nc3 d5 4. Bf4 Bg7 5. e3 O-O 6. Be2 c5 7. Ne5 Nc6 8. Nxc6
bxc6 9. Be5 cxd4 10. Qxd4 c5 11. Qf4 Bb7 12. Rd1 Ne8 13. Bxg7 Nxg7 14. O-O Ne6
15. Qh6 Qb6 16. Rd3 Rfd8 17. e4 dxe4 18. Re3 Rd4 19. Qh4 Ng7 20. Rh3 h5 21.
Qxe7 Re8 22. Qg5 Bc8 23. Re3 Bf5 24. b3 Qd8 25. Qh6 Rd6 26. Nb5 Rb6 27. Rd1 Qe7
28. Rc3 a6 29. Na3 Ne6 30. Nc4 Nd4 31. Bf1 Rc6 32. Qc1 Bg4 33. Re1 Qh4 34. Ne3
Re5 35. Nc4 Ree6 36. h3 Bf5 37. Rg3 Kh7 38. c3 Nc2 39. Re2 e3 40. Nxe3 Nxe3 41.
Rgxe3 a5 42. Rxe6 Bxe6 43. Qa3 c4 44. Qxa5 Rd6 45. b4 Rd5 46. Qc7 Qf6 47. Qxc4
Rd1 48. Qc5 Rc1 49. Re3 Bxa2 50. g3 Be6 51. Qc6 Rxf1+ 0-1

[Event "Oakham Young Masters"]
[Site "Oakham"]
[Date "1990.03.28"]
[Round "1"]
[White "Piper, Matthew S"]
[Black "Tiviakov, Sergei"]
[Result "0-1"]
[WhiteElo "2305"]
[BlackElo "2490"]
[PlyCount "88"]
[EventDate "1990.03.28"]
[EventType "swiss"]
[EventRounds "9"]
[EventCountry "ENG"]
[SourceTitle "BritBase"]
[Source "John Saunders"]
[SourceDate "2023.06.27"]
[SourceVersion "1"]
[SourceVersionDate "2023.06.27"]
[SourceQuality "1"]

1. e4 c5 2. Nf3 d6 3. d4 cxd4 4. Nxd4 Nf6 5. Nc3 g6 6. Bc4 Bg7 7. h3 a6 8. O-O
b5 9. Bb3 Bb7 10. Re1 O-O 11. Bg5 Nbd7 12. Nd5 Rc8 13. c3 Rc5 14. Qd2 Re8 15.
Nf3 Qa8 16. Rad1 a5 17. a3 Bxd5 18. exd5 Nb6 19. Be3 Nc4 20. Bxc4 Rxc4 21. Qd3
Qb7 22. Bd4 Qxd5 23. Bxf6 Qxd3 24. Rxd3 Bxf6 25. Rxd6 Rb8 26. Rd7 Rcc8 27. g4
h6 28. h4 g5 29. hxg5 hxg5 30. Re4 Rd8 31. Ne5 Kg7 32. Red4 Rxd7 33. Nxd7 Bxd4
34. Nxb8 Bb6 35. Nd7 Bc7 36. Kf1 f6 37. Nc5 Bb6 38. Ne4 Kf7 39. c4 bxc4 40. Nd2
Bd4 41. Nxc4 a4 42. Nd2 Bxb2 43. Ne4 Bxa3 44. Nc3 Bc5 0-1

[Event "Oakham Young Masters"]
[Site "Oakham"]
[Date "1990.03.28"]
[Round "1"]
[White "Regan, Natasha K"]
[Black "Matveeva, Svetlana"]
[Result "0-1"]
[WhiteElo "2010"]
[BlackElo "2360"]
[PlyCount "66"]
[EventDate "1990.03.28"]
[EventType "swiss"]
[EventRounds "9"]
[EventCountry "ENG"]
[SourceTitle "BritBase"]
[Source "John Saunders"]
[SourceDate "2023.06.27"]
[SourceVersion "1"]
[SourceVersionDate "2023.06.27"]
[SourceQuality "1"]

1. Nf3 Nf6 2. c4 g6 3. g3 Bg7 4. Bg2 d6 5. d4 O-O 6. O-O Nbd7 7. Nc3 e5 8. Rb1
Re8 9. b4 exd4 10. Nxd4 Ng4 11. e3 Nge5 12. Qb3 c6 13. Rd1 Qe7 14. b5 Nc5 15.
Qc2 Bd7 16. a4 Rac8 17. Qa2 Bg4 18. Rd2 Ne6 19. Ba3 Ng5 20. bxc6 bxc6 21. Rdb2
Nef3+ 22. Nxf3 Nxf3+ 23. Bxf3 Bxf3 24. Rb7 Qe6 25. Ne2 Be5 26. Kf1 Qh3+ 27. Ke1
Qxh2 28. Rxa7 Bc3+ 29. Nxc3 Qg1+ 30. Kd2 Qxf2+ 31. Kc1 Qxe3+ 32. Qd2 Qxa7 33.
Bxd6 Bg4 0-1

[Event "Oakham Young Masters"]
[Site "Oakham"]
[Date "1990.03.28"]
[Round "1"]
[White "Tozer, Richard JD"]
[Black "Manor, Ilan"]
[Result "0-1"]
[WhiteElo "2290"]
[BlackElo "2450"]
[PlyCount "78"]
[EventDate "1990.03.28"]
[EventType "swiss"]
[EventRounds "9"]
[EventCountry "ENG"]
[SourceTitle "BritBase"]
[Source "John Saunders"]
[SourceDate "2023.06.27"]
[SourceVersion "1"]
[SourceVersionDate "2023.06.27"]
[SourceQuality "1"]

1. d4 Nf6 2. c4 c5 3. d5 b5 4. cxb5 a6 5. b6 g6 6. Nc3 d6 7. e4 Bg7 8. Nf3 O-O
9. Be2 Nbd7 10. O-O Nxb6 11. Re1 Bg4 12. h3 Bxf3 13. Bxf3 Nfd7 14. Qc2 Qc7 15.
Be2 Rfb8 16. Rb1 c4 17. Be3 Nc5 18. Nd1 Rc8 19. Bxc4 Ncd7 20. b3 Nxc4 21. bxc4
Qxc4 22. Qxc4 Rxc4 23. Rb7 Rd8 24. Bg5 Kf8 25. f4 Bd4+ 26. Kh2 f6 27. Bh4 Rc2
28. a3 Ra2 29. Rb3 Rc8 30. Ne3 Rc3 31. Rxc3 Bxc3 32. Rb1 Bd2 33. Bf2 Rxa3 34.
Nc4 Bxf4+ 35. g3 Rc3 36. Na5 Be3 37. Be1 Rc2+ 38. Kh1 Ne5 39. g4 Bf4 0-1

[Event "Oakham Young Masters"]
[Site "Oakham"]
[Date "1990.03.28"]
[Round "1"]
[White "Webster, Andrew A"]
[Black "Stangl, Markus"]
[Result "0-1"]
[WhiteElo "2275"]
[BlackElo "2405"]
[PlyCount "90"]
[EventDate "1990.03.28"]
[EventType "swiss"]
[EventRounds "9"]
[EventCountry "ENG"]
[SourceTitle "BritBase"]
[Source "John Saunders"]
[SourceDate "2023.06.27"]
[SourceVersion "1"]
[SourceVersionDate "2023.06.27"]
[SourceQuality "1"]

1. c4 Nf6 2. g3 c5 3. Bg2 e6 4. Nf3 Be7 5. O-O O-O 6. Nc3 a6 7. b3 Qc7 8. Bb2
d6 9. e3 Nbd7 10. Qe2 Re8 11. a3 Nf8 12. b4 Bd7 13. bxc5 dxc5 14. Rfb1 Ng6 15.
Bc1 Bc6 16. Rb3 Red8 17. Rab1 Rab8 18. d3 Qd7 19. Ne1 Bxg2 20. Kxg2 Ne5 21. e4
Nc6 22. Be3 Nd4 23. Bxd4 cxd4 24. Nd1 Qc7 25. Qb2 b6 26. f3 Nd7 27. Qa2 h5 28.
R3b2 Nc5 29. Rd2 Qc6 30. Nb2 b5 31. Nc2 bxc4 32. Qxc4 Qd7 33. Qa2 Rdc8 34. Nc4
Na4 35. Rxb8 Rxb8 36. Qa1 Bc5 37. Rd1 Nc3 38. Rc1 Qa4 39. Nb4 Bxb4 40. axb4
Rxb4 41. Kf1 Qb5 42. Qa3 Rxc4 43. dxc4 Qxc4+ 44. Kf2 Qe2+ 45. Kg1 Qxf3 0-1

[Event "Oakham Young Masters"]
[Site "Oakham"]
[Date "1990.03.29"]
[Round "2"]
[White "Buckley, Graeme N"]
[Black "Kosic, Dragan"]
[Result "1/2-1/2"]
[WhiteElo "2240"]
[BlackElo "2415"]
[PlyCount "147"]
[EventDate "1990.03.28"]
[EventType "swiss"]
[EventRounds "9"]
[EventCountry "ENG"]
[SourceTitle "BritBase"]
[Source "John Saunders"]
[SourceDate "2023.06.27"]
[SourceVersion "1"]
[SourceVersionDate "2023.06.27"]
[SourceQuality "1"]

1. d4 Nf6 2. c4 g6 3. Nc3 Bg7 4. e4 d6 5. Be2 O-O 6. Bg5 c5 7. d5 e6 8. Qd2
exd5 9. exd5 Re8 10. h3 Nbd7 11. Nf3 a6 12. a4 Qe7 13. O-O Qf8 14. Rfe1 h6 15.
Bf4 Nh5 16. Bh2 Kh7 17. a5 f5 18. Bd1 Rxe1+ 19. Qxe1 b6 20. g4 fxg4 21. hxg4
Nf4 22. Qe3 g5 23. Bc2+ Kg8 24. axb6 Nxb6 25. Qe4 Qf7 26. Bxf4 Qxf4 27. Qe8+
Qf8 28. Qe4 Qf7 29. Re1 Bd7 30. Kg2 Qf4 31. Qh7+ Kf8 32. Re4 Qf6 33. Re3 Nxc4
34. Rd3 Bxg4 35. Ne4 Qf5 36. Nfxg5 hxg5 37. Qxf5+ Bxf5 38. Rf3 Bxb2 39. Rxf5+
Ke7 40. Rxg5 a5 41. Rg6 a4 42. Re6+ Kf8 43. Bb1 Na3 44. Ba2 c4 45. Rxd6 c3 46.
Nc5 c2 47. Nd3 c1=Q 48. Nxc1 Bxc1 49. Rc6 Bd2 50. d6 Ba5 51. Rc5 Bd8 52. Rc3
Nb5 53. Rf3+ Ke8 54. Bd5 Ra6 55. Bc4 Rb6 56. Be2 Kd7 57. Bd1 Ra6 58. Be2 Kc6
59. Rf8 a3 60. Rxd8 a2 61. Rc8+ Kxd6 62. Rc1 Rc6 63. Rd1+ Kc5 64. Bxb5 Kxb5 65.
f4 Rc3 66. Ra1 Ra3 67. f5 Kc4 68. f6 Kb3 69. f7 Ra8 70. Rf1 Rf8 71. Rf3+ Kb4
72. Rf4+ Kb5 73. Rf5+ Kb6 74. Rf6+ 1/2-1/2

[Event "Oakham Young Masters"]
[Site "Oakham"]
[Date "1990.03.29"]
[Round "2"]
[White "Galliamova, Alisa"]
[Black "Cooper, Lawrence"]
[Result "1-0"]
[WhiteElo "2365"]
[BlackElo "2310"]
[PlyCount "83"]
[EventDate "1990.03.28"]
[EventType "swiss"]
[EventRounds "9"]
[EventCountry "ENG"]
[SourceTitle "BritBase"]
[Source "John Saunders"]
[SourceDate "2023.06.27"]
[SourceVersion "1"]
[SourceVersionDate "2023.06.27"]
[SourceQuality "1"]

1. Nf3 Nf6 2. g3 b5 3. Na3 b4 4. Nc4 Bb7 5. Bg2 c5 6. O-O e6 7. d4 d5 8. Nce5
Nc6 9. Nxc6 Bxc6 10. Ne5 Bb5 11. c4 bxc3 12. bxc3 Rc8 13. Rb1 Qa5 14. Qb3 a6
15. c4 dxc4 16. Nxc4 Qb4 17. Nb6 Qxb3 18. Rxb3 Rd8 19. a4 Bd7 20. Bf4 Nd5 21.
Bxd5 exd5 22. Bc7 c4 23. Rb2 Bc6 24. Bxd8 Kxd8 25. e4 dxe4 26. d5 Bd7 27. Nxd7
Kxd7 28. Rb6 Ba3 29. Ra1 Bc5 30. Rxa6 e3 31. fxe3 Bxe3+ 32. Kf1 Rc8 33. Ke2 Bd4
34. Rb1 Rc7 35. Rc6 Rxc6 36. dxc6+ Kxc6 37. a5 f5 38. Kd2 h5 39. Rf1 g6 40. Rb1
Kc7 41. a6 Kc6 42. Rb7 1-0

[Event "Oakham Young Masters"]
[Site "Oakham"]
[Date "1990.03.29"]
[Round "2"]
[White "Iosif, Cristina S"]
[Black "Kogan, Artur"]
[Result "1-0"]
[WhiteElo "2220"]
[BlackElo "2335"]
[PlyCount "123"]
[EventDate "1990.03.28"]
[EventType "swiss"]
[EventRounds "9"]
[EventCountry "ENG"]
[SourceTitle "BritBase"]
[Source "John Saunders"]
[SourceDate "2023.06.27"]
[SourceVersion "1"]
[SourceVersionDate "2023.06.27"]
[SourceQuality "1"]

1. e4 e5 2. Nf3 Nc6 3. Bc4 Nf6 4. d3 Bc5 5. c3 a6 6. O-O Ba7 7. Bb3 d6 8. h3 h6
9. Re1 O-O 10. Nbd2 Nh5 11. Nf1 Qf6 12. Be3 Nf4 13. N1h2 Qg6 14. Bxf4 exf4 15.
Kf1 h5 16. d4 Re8 17. Bc2 Qh6 18. h4 Bd7 19. Qd3 Nb4 20. Qd2 Nxc2 21. Qxc2 Qg6
22. Rac1 Kh8 23. e5 Bf5 24. Qd2 Bd3+ 25. Kg1 Qf5 26. exd6 cxd6 27. Rxe8+ Rxe8
28. Re1 Rxe1+ 29. Qxe1 Bb5 30. Nf1 f6 31. N1d2 d5 32. Qe7 Qd7 33. Qf8+ Kh7 34.
Nb3 Qe6 35. Nc5 Bxc5 36. Qxc5 Qe4 37. Qc8 Be2 38. Qxb7 Bxf3 39. gxf3 Qxf3 40.
Qd7 Qd1+ 41. Kg2 Qd3 42. Qxd5 Qg6+ 43. Kf1 Qg4 44. Qe4+ Kh6 45. Qd3 Qxh4 46. d5
Qg4 47. d6 Qd7 48. c4 h4 49. c5 h3 50. f3 g5 51. Qd4 Kg7 52. Kg1 Qc6 53. Qf2
Qd5 54. Kh2 Qe6 55. Qd2 g4 56. fxg4 Qxg4 57. Qf2 Kf7 58. c6 f3 59. d7 Qf4+ 60.
Kxh3 Ke7 61. Qc5+ Kf7 62. d8=Q 1-0